| 000 | 00440nam a22001697a 4500 | ||
|---|---|---|---|
| 003 | NUST - PNEC | ||
| 005 | 20170116181034.0 | ||
| 008 | 150919b xxu||||| |||| 00| 0 eng d | ||
| 020 | _a0072222743 | ||
| 040 | _cLIBRARY | ||
| 082 | _a621.3916076 | ||
| 100 |
_911285 _aMeyers, Michael |
||
| 245 |
_aAll-in-one A+ certification exam guide _c Michael Meyers |
||
| 250 | _a4th ed. | ||
| 650 |
_911286 _aExam guide _xGeneral |
||
| 942 |
_2ddc _cBK |
||
| 999 |
_c67859 _d67859 |
||